000 01173nam a22003137a 4500
003 CHAP
005 20220329143850.0
008 120330s2010 mx r 00010 spa d
010 _a102973
011 _a103945
020 _a9786074950793
035 _a114634
040 _cCHAP
082 0 4 _a306.362097252
_bEs17
245 0 3 _aLa esclavitud en el Valle de Toluca :
_b1558 - 1630
_c/ editado por Gobierno del Estado de México
260 _aToluca, Méx. :
_bGobierno del Estado de México,
_c2010
300 _a124 p. :
_bilus.
490 0 _aBiblioteca Mexiquense del Bicentenario.
_pColección Mayor : historia y sociedad
590 _aBATCH-UPD
_b10
_c20130110
_lUCH01
_h2102
590 _aBATCH-UPD
_b10
_c20130410
_lUCH01
_h1257
590 _aBATCH-UPD
_b10
_c20130914
_lUCH01
_h1318
590 _aCONVERSION
_b10
_c20130109
_lUCH01
_h1357
650 0 4 _aEsclavitud
_zMéxico (Edo.).
_937483
710 2 _aMéxico. Gobierno del Estado
_eed.
_977067
830 0 _aBiblioteca Mexiquense del Bicentenario.
_pColección Mayor : historia y sociedad
_912422
901 _aBK
942 _cLIBRO
949 _a306..362097252
_bBC
_cLIBRO
_d33724002321207
_eLIBRO
_h116481
_i114634
_si
999 _c102973
_d102973